000 00997 a2200241 4500
001 41102
005 20260407155704.0
008 260407a2004 arg spa d
003 AR-UNSa-BCEJYS
040 _aAR-UNSa-BCEJYS
_bspa
_cAR-UNSa-BCEJYS
080 _a347.952.1
_xEjecución sobre los bienes muebles. Incautación, embargo
245 1 0 _aEjecución hipotecaria extrajudicial
020 _a950-894-462-5
264 1 _aBuenos Aires :
_bAD-HOC
_c2004
300 _a160 P.
_c23 cm.
505 _a1. Generalidades - 2. Plataforma instrumental - 3. Intervención judicial - 4. Actuación extrajudicial del acreedor - 5. Liquidación judicial y extrajudicial - 6. Régimen especíico de la responsabilidad civil, penal y administrativa
041 _aspa
942 _cBK
590 _aniveau_biblio:m niveau_hierar:0
100 1 _aCausse, Federico J.
700 1 _aPettis, Christian R.
856 4 1 _uhttps://biblioeco.unsa.edu.ar/pmb/images/libros/L126373.jpg
_yImagen de portada
_qimage/jpeg
999 _c3370
_d3370